La Ilíada /

Guardado en:
Autor Principal: Homero.
Formato: Libro
Idioma:Undetermined
Publicado: Buenos Aires : Servilibro, 1999.
Edición:1era ed.
Series:Colección Grandes Obras
Materias:
Etiquetas: Agregar Etiqueta
Sin Etiquetas, Sea el primero en etiquetar este registro!
LEADER 00566nam a22002055a 4500
001 CEM.cems025143
008 260430s1999####ag############000#0#und#d
005 20260430081709.0
245 1 0 |a La Ilíada /  |c Homero. 
250 |a 1era ed. 
260 |a Buenos Aires :  |b Servilibro,  |c 1999. 
300 |a 439 p. ;  |c 25 cm. 
490 1 |a Colección Grandes Obras 
020 |a 8479742473 
100 1 |a Homero. 
082 0 4 |a 883 
653 |a Literatura Griega 
653 |a Literatura Clásica 
653 |a Mitología 
859 |a CEMS  |b BIB. CEMS - Agricultura  |h 883  |i H766-7  |p A4113.26  |t Ej.1